000 00331nam a22001217a 4500
005 20260223150725.0
082 _a639.2TRI/F
100 _aTrivedi,Priyaranjan
_910657
245 _aFisheries: Past,Present and Future/
_cby Priyaranjan trivedi
260 _a.-Newdelhi
_b:Njanada Prakashan
_c,2023
300 _a533p
942 _2ddc
_cBK
999 _c756744
_d756744